Normal view
MARC view
Entry Topical Term
001 - CONTROL NUMBER
- control field: 76816
003 - CONTROL NUMBER IDENTIFIER
- control field: OSt
005 - DATE AND TIME OF LATEST TRANSACTION
- control field: 20190925171047.0
008 - FIXED-LENGTH DATA ELEMENTS
- fixed length control field: 190925|| aca||aabn | a|a d
040 ## - CATALOGING SOURCE
- Original cataloging agency: OSt
- Transcribing agency: OSt
150 ## - HEADING--TOPICAL TERM
- Topical term or geographic name entry element: कविता
670 ## - SOURCE DATA FOUND
- Source citation: Work cat.: (OSt): शास्त्री,विष्णुकान्त 76422, अमर आग है, 2017









